Các tiêu chuẩn Nhà nước Việt Nam về môi trường

Các tiêu chuẩn về chất lượng nước của Nhà nước Việt Nam về môi trường qui định các giá trị giới hạn của các thông số và nồng độ của các chất ô nhiễm trong nước thải theo thải lượng và theo lưu lượng nước cho phép tuỳ vào từng tr...

Descripción completa

Guardado en:
Detalles Bibliográficos
Autor Corporativo: Tiêu chuẩn Việt Nam
Formato: Libro
Lenguaje:Undetermined
Publicado: Hà Nội Tiêu chuẩn Việt Nam 2002
Etiquetas: Agregar Etiqueta
Sin Etiquetas, Sea el primero en etiquetar este registro!
Thư viện lưu trữ: Trung tâm Học liệu Trường Đại học Cần Thơ
LEADER 00949nam a2200169Ia 4500
001 CTU_142606
008 210402s9999 xx 000 0 und d
082 |a 354.3 
082 |b T309/T.4 
110 |a Tiêu chuẩn Việt Nam 
245 0 |a Các tiêu chuẩn Nhà nước Việt Nam về môi trường 
245 0 |c Tiêu chuẩn Việt Nam 
260 |a Hà Nội 
260 |b Tiêu chuẩn Việt Nam 
260 |c 2002 
520 |a Các tiêu chuẩn về chất lượng nước của Nhà nước Việt Nam về môi trường qui định các giá trị giới hạn của các thông số và nồng độ của các chất ô nhiễm trong nước thải theo thải lượng và theo lưu lượng nước cho phép tuỳ vào từng trường hợp ban hành cụ thể. 
980 |a Trung tâm Học liệu Trường Đại học Cần Thơ